| 000 | 01989nam0a2200397 4500 | ||
|---|---|---|---|
| 001 | RU\NLR\BIBL_A\010704234 | ||
| 005 | 20260406043237.0 | ||
| 010 |
_a978-5-94074-718-5 _91000 |
||
| 035 | _a(NLR Aleph) 010704234 | ||
| 035 | _a(NILC)LIBNET\0000242426 | ||
| 090 |
_a9735000 _c9735000 |
||
| 100 | _a20150320d2011 u y0rusy50 ca | ||
| 101 | 1 |
_arus _cger |
|
| 102 | _aRU | ||
| 105 | _aa|||f|||001yy | ||
| 200 | 1 |
_aЭнциклопедия антенн _e[рамочные и активные антенны. Антенны метровых и дециметровых волн. Симметрирование и согласование антенн. Антенны коротковолнового диапазона _e2 тома в одной книге _eперевод с немецкого] _fКарл Ротхаммель |
|
| 205 | _aИзд. 11-е, полностью перераб. и доп. инж. Алоизом Кришке | ||
| 210 |
_aМосква _cДМК пресс _d2011 |
||
| 215 |
_a811 с. _cил. _d24 |
||
| 300 | _aЗагл. и авт. ориг.: Antennenbuch / Rothammels | ||
| 300 | _aВ вып. дан. авт.: Карл Ротхаммель, Алоиз Кришке | ||
| 300 | _aНа обл.: Изд., полностью перераб. и доп. Алоизом Кришке | ||
| 320 | _aБиблиогр. в конце разд. | ||
| 320 | _aУказ. лит.: с. 773-786 | ||
| 454 | 0 |
_12001#$aAntennenbuch _1700#1$aRothammel$gKarl$3RU\NLR\AUTH\773332 _tAntennenbuch _aRothammel, Karl |
|
| 606 | 1 |
_aАнтенны _jЭнциклопедии _9918404 _3RU\NLR\AUTH\6617189 |
|
| 686 |
_a32.845 _vLBC/RL _2rubbk |
||
| 686 | 1 | _aЗ845я20 | |
| 700 | 1 |
_7ca _8rus _aРотхаммель _bК. _gКарл _9113331 _3RU\NLR\AUTH\773331 |
|
| 702 | 1 |
_aКришке _bА. _gАлоиз _4010 |
|
| 801 | 0 |
_aRU _bМурманская ГОУНБ _c20120523 _grcr |
|
| 942 | _cBOOK | ||
| 980 | _aNBR | ||
| 980 | _aNB | ||